000 00271nam a2200109Ia 4500
008 190914s9999||||xx |||||||||||||| ||und||
100 _aFrank S Pepper
245 0 _aContemporary Biographical Quotations
260 _aNew york
_bPrentice
_c2006
300 _a267
942 _cBK
999 _c8707
_d8707